000 01244nam0a22003011 4500
001 RU\INFOCOMM_322\NLR\5000085172
005 20260407071320.0
035 _a(NLR Aleph) 011016773
090 _a11051464
_c11051464
100 _a20121204d1945 u y0rusy50 ca
101 0 _ager
102 _aRU
105 _ay z||||
200 1 _aVom moralischen Antlitz unseres Volkes
_fMichail Kalinin
210 _aMoskau
_cVerl. für fremdsprachige Literatur
_d1945
215 _a56 с.
_cпортр.
_d17 см
300 _aНа 4-й с. обл.: М. Калинин. О моральном облике нашего народа
517 1 _aО моральном облике нашего народа
_zrus
606 0 _aСоветский народ
_xМорально-политическое единство
_91240761
_3RU\NLR\AUTH\66189458
620 _aМосква
700 1 _4070
_7ba
_8rus
_aKalinin
_bM. I.
_cгос. и парт. деятель
_f1875-1946
_gMichail Ivanovič
_3RU\NLR\AUTH\770278270
_92650237
801 1 _aRU
_bInfoComm
_c20121204
801 0 _aRU
_bNLR
_gPSBO
852 _aNLR
_jИр51 Г-2/107
_y2 экз.
942 _cBOOK
945 _aРоссийская национальная библиотека
980 _aNB
980 _aBV